000 00358 a2200157 4500
001 175612
020 _a85-209-0652-4
040 _cMagnum
100 _aMachado, Angelo
240 1 0 _aQue bicho serĂ¡ que botou o ovo?
_lpor
245 1 0 _aQue bicho serĂ¡ que botou o ovo?
300 _a24
362 0 _a1996
697 _aLITERATURA INFANTO
942 _cBK
999 _c175612
_d175612